[Event "Niteroi op 1st"]
[Site "Niteroi"]
[Date "2019.09.07"]
[Round "6"]
[White "Mathow, Hermann Mateo"]
[Black "Dos Santos, Gilvan Nobrega"]
[Result "0-1"]
[WhiteElo "1735"]
[BlackElo "1895"]
[PlyCount "74"]
[EventDate "2019.09.04"]
[EventType "swiss"]
[EventRounds "7"]
[EventCountry "BRA"]
[SourceTitle "EXT 2020"]
[Source "ChessBase"]
[SourceDate "2019.10.17"]
[SourceVersion "1"]
[SourceVersionDate "2019.10.17"]
[SourceQuality "1"]

1. e4 c5 2. Nf3 e6 3. d4 cxd4 4. Nxd4 a6 5. a3 Qc7 6. Nc3 b5 7. Be3 Bb7 8. f3 Nf6 9. Qd2 d5 10. exd5 Nxd5 11. Nxd5 Bxd5 12. Rc1 Be7 13. Bd3 0-0 14. c3 Nd7 15. Nc2 Nc5 16. Bxc5 Bxc5 17. Qe2 Rad8 18. Nb4 Bb7 19. Be4 Rd6 20. Rd1 Rxd1+ 21. Kxd1 Rd8+ 22. Kc2 Bd6 23. g3 Rc8 24. Rd1 Bxe4+ 25. Qxe4 a5 26. Na2 Bf8 27. f4 Qb8 28. f5 exf5 29. Qxf5 b4 30. axb4 axb4 31. Qd5 Be7 32. Rf1 Bf6 33. Qb3 Qe5 34. Rd1 Qe4+ 35. Kc1 Bg5+ 36. Rd2 Rd8 37. Qxb4 Bxd2+ 0-1

[Event "Niteroi op 1st"]
[Site "Niteroi"]
[Date "2019.09.06"]
[Round "4"]
[White "Mathow, Hermann Mateo"]
[Black "Salim, Joao Pedro Miranda"]
[Result "1-0"]
[WhiteElo "1735"]
[BlackElo "1485"]
[PlyCount "71"]
[EventDate "2019.09.04"]
[EventType "swiss"]
[EventRounds "7"]
[EventCountry "BRA"]
[SourceTitle "EXT 2020"]
[Source "ChessBase"]
[SourceDate "2019.10.17"]
[SourceVersion "1"]
[SourceVersionDate "2019.10.17"]
[SourceQuality "1"]

1. d4 e6 2. e3 Nf6 3. Bd3 c5 4. c3 Nc6 5. a3 d5 6. Nd2 Be7 7. f4 a6 8. Ngf3 cxd4 9. cxd4 b5 10. 0-0 0-0 11. Ne5 Bb7 12. Rf3 Rc8 13. Rh3 Rc7 14. Bxh7+ Kh8 15. Bd3+ Kg8 16. Ndf3 Qc8 17. Ng5 Nd8 18. Nh7 Re8 19. Bd2 Nc6 20. Nxf6+ Bxf6 21. Qh5 Kf8 22. b4 Bxe5 23. fxe5 Ke7 24. Qg5+ Kd7 25. Qxg7 Kd8 26. Rf1 Qd7 27. Rhf3 Re7 28. Qf6 Kc8 29. Rc1 Kb8 30. Rh3 Ka7 31. Rh8 Kb6 32. Qf3 Re8 33. Rxe8 Qxe8 34. Qf6 Ne7 35. Rf1 Nf5 36. Bxf5 1-0

[Event "Niteroi op 1st"]
[Site "Niteroi"]
[Date "2019.09.05"]
[Round "3"]
[White "Campos, Alexandre Ferreira"]
[Black "Mathow, Hermann Mateo"]
[Result "1-0"]
[WhiteElo "2060"]
[BlackElo "1735"]
[PlyCount "83"]
[EventDate "2019.09.04"]
[EventType "swiss"]
[EventRounds "7"]
[EventCountry "BRA"]
[SourceTitle "EXT 2020"]
[Source "ChessBase"]
[SourceDate "2019.10.17"]
[SourceVersion "1"]
[SourceVersionDate "2019.10.17"]
[SourceQuality "1"]

1. c4 c5 2. Nf3 Nc6 3. d4 cxd4 4. Nxd4 e6 5. Nxc6 bxc6 6. g3 Nf6 7. Bg2 Bb4+ 8. Nd2 0-0 9. 0-0 d5 10. Qa4 Qb6 11. Nf3 Bd7 12. a3 Bd6 13. Qc2 Rac8 14. Rd1 Bc5 15. e3 Rfe8 16. Ne5 Qc7 17. Nxd7 Qxd7 18. b4 Bf8 19. Bb2 Be7 20. Qa4 Qc7 21. Rac1 Red8 22. Bxf6 Bxf6 23. cxd5 exd5 24. Bxd5 Rd6 25. Bf3 Bb2 26. Rxd6 Qxd6 27. Rc2 Be5 28. Qxa7 f5 29. Rxc6 Rxc6 30. Qa8+ Kf7 31. Qxc6 Qxc6 32. Bxc6 Bd6 33. Kf1 g5 34. Ke2 g4 35. Kd3 h5 36. Kc4 h4 37. a4 hxg3 38. hxg3 Ke6 39. a5 Bc7 40. Kc5 Ke5 41. a6 Bb8 42. b5 1-0

[Event "Berlin Spandau op"]
[Site "Berlin"]
[Date "2017.12.28"]
[Round "4"]
[White "Buttkus, Andree"]
[Black "Mathow, Hermann Mateo"]
[Result "1-0"]
[WhiteElo "2032"]
[BlackElo "1801"]
[PlyCount "101"]
[EventDate "2017.12.27"]
[EventType "swiss"]
[EventRounds "7"]
[EventCountry "GER"]
[SourceTitle "CBM 182 Extra"]
[Source "ChessBase"]
[SourceDate "2018.02.23"]
[SourceVersion "1"]
[SourceVersionDate "2018.02.23"]
[SourceQuality "1"]

1. c4 c5 2. Nf3 Nf6 3. Nc3 g6 4. d4 cxd4 5. Nxd4 a6 6. e4 d6 7. Be2 Bg7 8. 0-0 0-0 9. Be3 Bd7 10. f3 Nc6 11. Nc2 Rc8 12. Na4 Ne5 13. Nb6 Rc6 14. Nxd7 Nfxd7 15. b3 Rc8 16. Rb1 Nc6 17. Qd2 Kh8 18. Rbd1 Qa5 19. Qxa5 Nxa5 20. Nb4 Nc6 21. Nd5 Rfe8 22. Rd2 Ncb8 23. Rb1 e6 24. Nb6 Nxb6 25. Bxb6 Be5 26. Be3 Rcd8 27. Rbd1 d5 28. cxd5 exd5 29. Rxd5 Rxd5 30. Rxd5 Nc6 31. Rd7 Re7 32. Rxe7 Nxe7 33. Bc4 Kg7 34. Bc5 Nc6 35. Bd5 f5 36. h3 f4 37. Kf2 Bc7 38. Bxc6 bxc6 39. Bd4+ Kf7 40. Ke2 Ke6 41. Kd3 Ba5 42. Kc4 Bd2 43. Kc5 Be3 44. Kc4 Kd6 45. Bxe3 fxe3 46. Kd3 g5 47. Kxe3 Ke5 48. g3 Kd6 49. f4 h6 50. fxg5 hxg5 51. h4 1-0

[Event "BRA-ch Amateur U2000"]
[Site "Sao Paulo"]
[Date "2017.10.14"]
[Round "6"]
[White "Souza dos Santos, Matheus Garcett"]
[Black "Mathow, Hermann Mateo"]
[Result "1-0"]
[WhiteElo "1925"]
[BlackElo "1801"]
[PlyCount "61"]
[EventDate "2017.10.12"]
[EventType "swiss"]
[EventRounds "7"]
[EventCountry "BRA"]
[SourceTitle "EXT 2022"]
[Source "ChessBase"]
[SourceDate "2021.10.06"]
[SourceVersion "1"]
[SourceVersionDate "2021.10.06"]
[SourceQuality "1"]

1. e4 e6 2. d3 d5 3. Nd2 b6 4. g3 Bb7 5. Bg2 Bd6 6. Ngf3 Nd7 7. 0-0 Ne7 8. Re1 Ng6 9. Nf1 0-0 10. h4 Nge5 11. Nxe5 Nxe5 12. d4 Nd7 13. e5 Be7 14. Nh2 c5 15. c3 cxd4 16. cxd4 Rc8 17. Bf1 Nb8 18. Qg4 Re8 19. Bh6 g6 20. Qf4 Bf8 21. Ng4 Nd7 22. Bd3 Qe7 23. a3 Bg7 24. Bg5 Qf8 25. h5 gxh5 26. Nf6+ Nxf6 27. exf6 a6 28. fxg7 Qxg7 29. Bf6 e5 30. dxe5 Qg4 31. Qh6 1-0

[Event "Rio de Janeiro Primavera op"]
[Site "Rio de Janeiro"]
[Date "2015.11.14"]
[Round "4"]
[White "Mathow, Hermann Mateo"]
[Black "Pereira, Marcos Luciano"]
[Result "1-0"]
[WhiteElo "1787"]
[BlackElo "1767"]
[PlyCount "57"]
[EventDate "2015.11.07"]
[EventType "swiss"]
[EventRounds "6"]
[EventCountry "BRA"]
[SourceTitle "CBM 169 Extra"]
[Source "ChessBase"]
[SourceDate "2015.12.18"]
[SourceVersion "1"]
[SourceVersionDate "2015.12.18"]
[SourceQuality "1"]

1. e4 e5 2. Nf3 Nc6 3. d4 exd4 4. Bc4 d6 5. Nxd4 Nxd4 6. Qxd4 Qf6 7. Be3 Be7 8. Nc3 Qxd4 9. Bxd4 Bf6 10. 0-0-0 Be6 11. Nd5 Bxd5 12. Bxd5 c6 13. Bb3 Ke7 14. Be3 b5 15. g4 g6 16. f4 a5 17. a3 Bg7 18. Rhf1 Nf6 19. e5 Nxg4 20. exd6+ Kd7 21. Bc5 f5 22. Rfe1 Rae8 23. Bf7 Nf6 24. Bxe8+ Rxe8 25. Re7+ Rxe7 26. dxe7+ Ke8 27. Rd8+ Kf7 28. b4 Ne8 29. bxa5 1-0

[Event "Macae Sudeste-ch"]
[Site "Macae"]
[Date "2015.05.02"]
[Round "3"]
[White "Soares, Joao Carlos TC"]
[Black "Mathow, Hermann Mateo"]
[Result "1-0"]
[WhiteElo "1838"]
[BlackElo "1813"]
[PlyCount "87"]
[EventDate "2015.05.01"]
[EventType "swiss"]
[EventRounds "6"]
[EventCountry "BRA"]
[SourceTitle "CBM 166 Extra"]
[Source "ChessBase"]
[SourceDate "2015.06.18"]
[SourceVersion "1"]
[SourceVersionDate "2015.06.18"]
[SourceQuality "1"]

1. e4 d6 2. d4 e5 3. Nf3 Bg4 4. dxe5 Bxf3 5. Qxf3 dxe5 6. Bc4 Nf6 7. Qb3 Qe7 8. Qxb7 Qb4+ 9. Qxb4 Bxb4+ 10. Bd2 Bxd2+ 11. Nxd2 Nbd7 12. 0-0 Rb8 13. b3 Ke7 14. Rfd1 Rhd8 15. f3 Rb6 16. Be2 Rd6 17. Nc4 Rxd1+ 18. Rxd1 Ne8 19. Na5 Nb8 20. Rxd8 Kxd8 21. Kf2 Nd6 22. Nc4 f6 23. Nxd6 cxd6 24. Bb5 Kc7 25. Ke3 Kb6 26. c4 a6 27. Ba4 a5 28. Bb5 Nc6 29. Bxc6 Kxc6 30. a3 Kc5 31. Kd3 h5 32. Kc3 g6 33. g4 hxg4 34. fxg4 g5 35. a4 Kc6 36. b4 axb4+ 37. Kxb4 Kb6 38. a5+ Kc6 39. h3 Kd7 40. Kb5 Kc7 41. a6 Kb8 42. Kc6 Ka7 43. Kxd6 Kxa6 44. Ke6 1-0

[Event "Botafogo Fexerj op"]
[Site "Botafogo"]
[Date "2015.01.24"]
[Round "4"]
[White "Mathow, Hermann Mateo"]
[Black "Petrenko, Willy"]
[Result "0-1"]
[WhiteElo "1831"]
[BlackElo "2032"]
[PlyCount "86"]
[EventDate "2015.01.23"]
[EventType "swiss"]
[EventRounds "6"]
[EventCountry "BRA"]
[SourceTitle "CBM 164 Extra"]
[Source "ChessBase"]
[SourceDate "2015.03.02"]
[SourceVersion "1"]
[SourceVersionDate "2015.03.02"]
[SourceQuality "1"]

1. d4 Nf6 2. Bg5 e6 3. e4 Be7 4. e5 Nd5 5. Bxe7 Nxe7 6. Nf3 Ng6 7. Nbd2 d6 8. exd6 cxd6 9. c4 0-0 10. g3 Qb6 11. Nb3 Nd7 12. Qc2 e5 13. dxe5 Ndxe5 14. Bg2 Nxf3+ 15. Bxf3 Re8+ 16. Be2 Bg4 17. Nc1 Bf3 18. Rg1 Qb4+ 19. Kf1 Bxe2+ 20. Nxe2 Rac8 21. b3 Qc5 22. Rd1 Ne5 23. Rd5 Qxd5 24. Qxh7+ Kxh7 25. cxd5 Rc2 26. Nd4 Rc1+ 27. Kg2 Rxg1+ 28. Kxg1 Nd3 29. f4 Nc1 30. a3 a6 31. Nf5 Nxb3 32. Nxd6 Rd8 33. Nxf7 Rxd5 34. g4 Ra5 35. f5 Rxa3 36. g5 Nd4 37. g6+ Kg8 38. Nd6 b5 39. Kg2 b4 40. h4 Rf3 41. h5 Rxf5 42. Nxf5 Nxf5 43. Kf2 b3 0-1

[Event "Rio de Janeiro-ch"]
[Site "Rio de Janeiro"]
[Date "2014.02.??"]
[Round "6"]
[White "Diaz, Marcos"]
[Black "Mathow, Hermann Mateo"]
[Result "0-1"]
[WhiteElo "1728"]
[BlackElo "1871"]
[PlyCount "60"]
[EventDate "2014.02.??"]
[EventType "swiss"]
[EventRounds "6"]
[EventCountry "BRA"]
[SourceTitle "EXT 2022"]
[Source "ChessBase"]
[SourceDate "2021.10.06"]
[SourceVersion "1"]
[SourceVersionDate "2021.10.06"]
[SourceQuality "1"]

1. e4 e6 2. d4 d5 3. e5 c5 4. c3 Nc6 5. Nf3 Bd7 6. Be3 cxd4 7. cxd4 Nh6 8. Bd3 Nf5 9. Bxf5 exf5 10. 0-0 Be7 11. Nc3 Be6 12. a3 0-0 13. Ne2 f6 14. Bf4 g5 15. exf6 Bxf6 16. Be5 g4 17. Nf4 Qe8 18. Bd6 gxf3 19. Bxf8 Kxf8 20. Re1 Nxd4 21. Nxd5 Ne2+ 22. Rxe2 fxe2 23. Nxf6 exd1Q+ 24. Rxd1 Qc6 25. Nxh7+ Kg7 26. Ng5 Bb3 27. Re1 Rd8 28. Ra1 Rd2 29. Nf3 Rc2 30. Re1 Rc1 0-1

[Event "Rio de Janeiro Primavera HERMATEC"]
[Site "Rio de Janeiro"]
[Date "2013.11.03"]
[Round "3.9"]
[White "Nobre, Jailson Altair Barb"]
[Black "Mathow, Hermann Mateo"]
[Result "1-0"]
[WhiteElo "1784"]
[BlackElo "1853"]
[PlyCount "49"]
[EventDate "2013.11.03"]
[EventType "swiss"]
[EventRounds "5"]
[EventCountry "BRA"]
[SourceTitle "EXT 2022"]
[Source "ChessBase"]
[SourceDate "2021.10.06"]
[SourceVersion "1"]
[SourceVersionDate "2021.10.06"]
[SourceQuality "1"]

1. c4 c5 2. Nc3 Nc6 3. g3 e6 4. Bg2 Nf6 5. Nf3 d5 6. cxd5 exd5 7. d4 cxd4 8. Nxd4 Bb4 9. Nxc6 Bxc3+ 10. bxc3 bxc6 11. c4 0-0 12. cxd5 cxd5 13. Bg5 Be6 14. 0-0 Rc8 15. Bxf6 Qxf6 16. e3 Rfd8 17. Qa4 Qe7 18. Rac1 g6 19. Rfd1 Bf5 20. Rxc8 Rxc8 21. Rxd5 Rc1+ 22. Bf1 Bh3 23. Rd1 Qd6 24. Rxc1 Bxf1 25. Rxf1 1-0

[Event "Maravilhosa op 3rd"]
[Site "Laranjeiras"]
[Date "2012.07.15"]
[Round "6"]
[White "Reis, Virginia Lagrange M"]
[Black "Mathow, Hermann Mateo"]
[Result "1-0"]
[WhiteElo "1842"]
[BlackElo "1910"]
[PlyCount "33"]
[EventDate "2012.07.13"]
[EventType "swiss"]
[EventRounds "6"]
[EventCountry "BRA"]
[SourceTitle "CBM 149 Extra"]
[Source "ChessBase"]
[SourceDate "2012.08.24"]
[SourceVersion "1"]
[SourceVersionDate "2012.08.24"]
[SourceQuality "1"]

1. e4 g6 2. d4 Bg7 3. Nf3 d6 4. Nc3 c5 5. dxc5 Bxc3+ 6. bxc3 Qa5 7. cxd6 exd6 8. Bb2 Qb6 9. Rb1 Nf6 10. Bd3 0-0 11. 0-0 Bg4 12. h3 Bxf3 13. Qxf3 Nbd7 14. Ba3 Ne5 15. Qxf6 Qa5 16. Bxd6 Nd7 17. Qf4 1-0

[Event "Maravilhosa op 3rd"]
[Site "Laranjeiras"]
[Date "2012.07.14"]
[Round "4"]
[White "Mathow, Hermann Mateo"]
[Black "Caporale, Giuseppe Guido"]
[Result "0-1"]
[WhiteElo "1910"]
[BlackElo "1798"]
[PlyCount "80"]
[EventDate "2012.07.13"]
[EventType "swiss"]
[EventRounds "6"]
[EventCountry "BRA"]
[SourceTitle "CBM 149 Extra"]
[Source "ChessBase"]
[SourceDate "2012.08.24"]
[SourceVersion "1"]
[SourceVersionDate "2012.08.24"]
[SourceQuality "1"]

1. e4 c5 2. Nf3 d6 3. d4 cxd4 4. Nxd4 Nf6 5. Nc3 a6 6. f3 e5 7. Nb3 Be6 8. Be3 Nbd7 9. Qd2 b5 10. 0-0-0 Nb6 11. g4 b4 12. Bxb6 Qxb6 13. Nd5 Bxd5 14. exd5 a5 15. g5 Nh5 16. Re1 Be7 17. Kb1 Nf4 18. h4 0-0 19. Nc1 a4 20. Ne2 Nxe2 21. Rxe2 b3 22. Bh3 bxa2+ 23. Kxa2 Rfb8 24. Rb1 Qc7 25. Re3 Qc4+ 26. Ka1 Qxh4 27. Qg2 Qxg5 28. Qxg5 Bxg5 29. Rc3 Bd2 30. Rc6 Bb4 31. Rg1 Bc5 32. Rg2 Ra7 33. Ka2 Rab7 34. Rc8+ Rxc8 35. Bxc8 Rc7 36. Bg4 g6 37. Re2 f5 38. Bh3 Kf7 39. Rh2 Kf6 40. Bg2 g5 0-1

[Event "Rio de Janeiro Borensztajn op 1st"]
[Site "Rio de Janeiro"]
[Date "2012.06.24"]
[Round "7"]
[White "Mathow, Hermann Mateo"]
[Black "Paiva, Marcio Silveira"]
[Result "0-1"]
[WhiteElo "1920"]
[BlackElo "2010"]
[PlyCount "100"]
[EventDate "2012.06.17"]
[EventType "swiss"]
[EventRounds "7"]
[EventCountry "BRA"]
[SourceTitle "CBM 149 Extra"]
[Source "ChessBase"]
[SourceDate "2012.08.24"]
[SourceVersion "1"]
[SourceVersionDate "2012.08.24"]
[SourceQuality "1"]

1. e4 c6 2. Nc3 d5 3. Qf3 e6 4. exd5 exd5 5. d4 Nf6 6. Bg5 Nbd7 7. 0-0-0 Be7 8. Bd3 0-0 9. Nh3 h6 10. Be3 Nb6 11. Qg3 Bd6 12. f4 Qc7 13. Qf2 Re8 14. Rhe1 Ng4 15. Qg1 Rxe3 16. Rxe3 Nxe3 17. Qxe3 Bxh3 18. Qxh3 Bxf4+ 19. Kb1 Bxh2 20. Rh1 Re8 21. b3 Bf4 22. Rf1 Bg5 23. Nd1 Nd7 24. Bh7+ Kxh7 25. Rxf7 Re7 26. Qf5+ Kg8 27. Rxe7 Bxe7 28. Qe6+ Kf8 29. Ne3 Nf6 30. Nf5 Qd7 31. Qxd7 Nxd7 32. Kc1 Kf7 33. Kd2 Kf6 34. g4 Bf8 35. Ke3 g6 36. Ng3 Bd6 37. Ne2 Kg5 38. Kf3 Nf6 39. Ng1 Nxg4 40. Nh3+ Kf5 41. c4 g5 42. Ng1 Nf6 43. Ne2 g4+ 44. Kg2 Ne4 45. Nc1 h5 46. Nd3 h4 47. c5 h3+ 48. Kf1 Bf4 49. b4 Be3 50. a4 Ng3+ 0-1

[Event "Rio de Janeiro Borensztajn op 1st"]
[Site "Rio de Janeiro"]
[Date "2012.06.23"]
[Round "5"]
[White "Mano, Leonardo"]
[Black "Mathow, Hermann Mateo"]
[Result "1-0"]
[WhiteElo "1999"]
[BlackElo "1920"]
[PlyCount "119"]
[EventDate "2012.06.17"]
[EventType "swiss"]
[EventRounds "7"]
[EventCountry "BRA"]
[SourceTitle "CBM 149 Extra"]
[Source "ChessBase"]
[SourceDate "2012.08.24"]
[SourceVersion "1"]
[SourceVersionDate "2012.08.24"]
[SourceQuality "1"]

1. e4 g6 2. d4 Bg7 3. c4 d6 4. Nc3 Nf6 5. Nf3 Bg4 6. Be2 0-0 7. h3 Bd7 8. 0-0 Nc6 9. Be3 Qc8 10. Kh2 Rd8 11. Qd2 Nb4 12. a3 Na6 13. Ng1 c5 14. d5 Nc7 15. f4 Bh6 16. Bf3 Rb8 17. Qf2 b5 18. e5 dxe5 19. fxe5 Bxe3 20. Qxe3 Nfe8 21. Qxc5 bxc4 22. Qxe7 Ng7 23. Be4 Nf5 24. Bxf5 Bxf5 25. d6 Re8 26. Qxc7 Qxc7 27. dxc7 Rxb2 28. Nd5 Kg7 29. Rxf5 gxf5 30. Ne7 c3 31. c8Q Rxc8 32. Nxc8 a5 33. Rc1 Rb3 34. a4 Rb4 35. Rxc3 Rxa4 36. Nd6 Kg6 37. Nc4 Ra2 38. Ra3 Rxa3 39. Nxa3 f4 40. Nf3 Kf5 41. Kg1 f6 42. exf6 Kxf6 43. Kf2 Ke6 44. Ke2 Kd5 45. Kd3 Kc5 46. Nd4 Kd5 47. Nc4 a4 48. Nb6+ Ke5 49. Nxa4 Kf6 50. Ke4 Kg5 51. Nf3+ Kh5 52. Kxf4 Kh6 53. g4 Kg6 54. h4 h6 55. Ke5 Kg7 56. Kf5 Kf7 57. Ne5+ Kg7 58. Ke6 Kh7 59. Kf6 h5 60. g5 1-0